Wings / (Record no. 4922)

MARC details
000 -LEADER
fixed length control field 00862nam a22002777a 4500
001 - CONTROL NUMBER
control field 4922
003 - CONTROL NUMBER IDENTIFIER
control field FISKH
005 - DATE AND TIME OF LATEST TRANSACTION
control field 20241025101103.0
008 - FIXED-LENGTH DATA ELEMENTS--GENERAL INFORMATION
fixed length control field 241025b cb ||||| |||| 00| 0 eng d
020 ## - INTERNATIONAL STANDARD BOOK NUMBER
International Standard Book Number 9781570916120
040 ## - CATALOGING SOURCE
Original cataloging agency FISKH
Language of cataloging eng
Transcribing agency FISKH
Modifying agency FISKH
050 ## - LIBRARY OF CONGRESS CALL NUMBER
Classification number QL950.C65
082 ## - DEWEY DECIMAL CLASSIFICATION NUMBER
Classification number 591.479
100 ## - MAIN ENTRY--PERSONAL NAME
Personal name Collard, Sneed B.
245 ## - TITLE STATEMENT
Title Wings /
Statement of responsibility, etc. by Sneed B. Collard : illustrated by Robin Brickman
260 ## - PUBLICATION, DISTRIBUTION, ETC.
Place of publication, distribution, etc. Prague :
Name of publisher, distributor, etc. Charlesbridge ;
Date of publication, distribution, etc. 2008 .
300 ## - PHYSICAL DESCRIPTION
Extent 31 pages :
Other physical details color illustrations ;
Dimensions 29 cm .
505 ## - FORMATTED CONTENTS NOTE
Formatted contents note Z <br/>
520 ## - SUMMARY, ETC.
Summary, etc. Discusses the many animals and insects that have wings, the various types of wings, and how they are used.
521 8# - TARGET AUDIENCE NOTE
Target audience note 930 <br/>
Source Lexile NC <br/>
521 8# - TARGET AUDIENCE NOTE
Target audience note Z <br/>
Source Raz-Plus <br/>
650 ## - SUBJECT ADDED ENTRY--TOPICAL TERM
Topical term or geographic name entry element wings
Form subdivision Non-fiction
700 ## - ADDED ENTRY--PERSONAL NAME
Personal name Brickman, Robin
Relator term illustrator
942 ## - ADDED ENTRY ELEMENTS (KOHA)
Source of classification or shelving scheme Dewey Decimal Classification
Koha item type Books
Suppress in OPAC No
Holdings
Withdrawn status Lost status Source of classification or shelving scheme Damaged status Not for loan Collection Home library Current library Shelving location Date acquired Total Checkouts Full call number Barcode Date last seen Copy number Price effective from Koha item type
    Dewey Decimal Classification     Non-Fiction Footprints International School Library Network Toul Tom Poung Campus Footprints International School Library Network Toul Tom Poung Campus TTP Secondary Non-Fiction Bookshelves 10/25/2024   COL 591.479 QL950.C65 FIS02035 10/25/2024 1 10/25/2024 Books
    Dewey Decimal Classification     Non-Fiction Footprints International School Library Network Toul Tom Poung Campus Footprints International School Library Network Toul Tom Poung Campus TTP Secondary Non-Fiction Bookshelves 09/11/2025   COL 591.479 QL950.C65 FIS03357 09/11/2025 2 09/11/2025 Books